000 00355pab a2200133 454500
008 180718b xxu||||| |||| 00| 0 eng d
100 _aChapman Jane
245 _aParental choice in school education
362 _a16(2), Jun 93, p.8-11
650 _a Education -- New Zealand
650 _aSchools -- New Zealand
773 _aPublic Sector
909 _a25579
999 _c25579
_d25579